Dunia tanpa tembok
| Main Author: | |
|---|---|
| Format: | Book |
| Published: |
Ampang :
Patriots Publications ,
2019
|
| Subjects: |
MARC
| LEADER | 00000cam a2200000 7i4500 | ||
|---|---|---|---|
| 001 | 0000240489 | ||
| 005 | 20200818144158.0 | ||
| 020 | |a 9789671539408 | ||
| 090 | 0 | |a 320.12 |b AYM | |
| 100 | 0 | |a Ayman Rashdan Wong | |
| 245 | 1 | 0 | |a Dunia tanpa tembok |c Ayman Rashdan Wong |
| 260 | |a Ampang : |b Patriots Publications , |c 2019 | ||
| 300 | |a 245p. ; |c 20cm. | ||
| 650 | 0 | |a Essay | |
| 650 | 0 | |a Geopolitics | |
| 650 | 0 | |a Political science | |
| 650 | 0 | |a World politics | |
| 999 | |a 00380020 |b BUKU |c PINJAMAN |e PERPUSTAKAAN KOMUNITI PETALING JAYA | ||